000 01693nam a2200481 i 4500
001 56124
003 KOSZ 005
005 20220114083400.0
008 090812s2008 pl a |001 0 pol
015 _aUWD 2009/19187
020 _a9788324614622
035 _a991050081459705066
035 _a(PL-WaBN)b24010947-48omnis_nlop
035 _ab24010947
035 _a(OCoLC)316460498
035 _a(PL)b0000002401094
035 _a(EXLNZ-48OMNIS_NETWORK)9910515627605606
040 _aWA N
_cWA N
_dKOSZ 005/HR
041 1 _apol
_heng
046 _k2008
080 _a004.438
080 _a(07)
100 1 _aHaase, Chet
_eAutor
245 1 0 _aEfekty graficzne i animowane dla aplikacji Desktop Java :
_btworzenie atrakcyjnych programów /
_cChet Haase, Romain Guy ; [tł. Paweł Gonera].
246 1 _iTyt. oryg.:
_aFilthy rich clients : developing animated and graphical effects for desktop Java applications ,
_f2008
260 _aGliwice :
_bWydawnictwo Helion,
_ccop. 2008.
300 _a583 s. :
_bil. ;
_c24 cm.
336 _aTekst
_btxt
_2rdacontent
337 _aBez urządzenia pośredniczącego
_bn
_2rdamedia
338 _aWolumin
_bnc
_2rdacarrier
380 _aKsiążki
388 _a2001-
504 _aIndeks.
650 7 _aJava (język programowania)
_2DBN
655 7 _aPodręcznik
_2DBN
658 _aInformatyka i technologie informacyjne
700 1 _aGonera, Paweł
_eTłumaczenie
700 1 _aGuy, Romain
_eAutor
710 2 _aHelion
_4pbl
856 _uhttp://koha.tu.koszalin.pl/cgi-bin/koha/opac-detail.pl?biblionumber=56124
_yKatalog online BPK
942 _2UKD
_cKS
999 _c56124
_d56124